Jan Trampota : 1889-1942 : výstava, Dům umění, Brno, 21. únor-14. březen 1948 : 65. výstava /

Korporativní autor: Spolek výtvarných umělců Aleš (Brno, Česko)
Další autoři: Kubíček, Josef, sest.katal.výstavy, Trampota, Jan, 1889-1942
Jazyk: Čeština
Vydáno: Brno : SVU Aleš, 1948
Externí odkaz: Digitalizovaný dokument
Fyzický popis: [12] s.
Knihy
Uloženo v:
LEADER 01099nam a2200241 a 4500
001 000645826
003 CZ BrMZK
005 20050925132301.0
008 030114s1948 xr f cze d
040 |a BOA001  |b cze  |c BOA001 
245 0 0 |a Jan Trampota :  |b 1889-1942 : výstava, Dům umění, Brno, 21. únor-14. březen 1948 : 65. výstava /  |c [úvodní text] Josef Kubíček 
260 |a Brno :  |b SVU Aleš,  |c 1948 
300 |a [12] s. 
500 |a Katalog výstavy 
500 |a Dostupné též v digitální podobě v aplikaci Kramerius 
700 1 |a Kubíček, Josef,  |c sest.katal.výstavy  |4 wfw 
700 1 |a Trampota, Jan,  |d 1889-1942  |7 jn20000728759  |4 hnr 
710 2 |a Spolek výtvarných umělců Aleš (Brno, Česko) 
856 4 1 |u http://www.digitalniknihovna.cz/mzk/uuid/uuid:7a934560-9075-11ef-9e23-5ef3fc9bb22f  |y Digitalizovaný dokument  |x NDK 
910 |a BOA001  |b X-0286.128 
990 |a BK 
996 6 |b 2618808494  |c X-0286.128  |l MZK  |r Sklad / do 24 hodin  |n 0  |w 000645826  |u 000020  |a 1  |e BOA001  |j MZK50  |s P 
996 7 |b 2619235774  |c X-0286.128  |l MZK  |r Sklad / do 24 hodin  |n 8  |w 000645826  |u 000010  |a 1  |e BOA001  |j MZK50  |s A